00667nam a2200145 a 4500008004100000050001700041110007700058245013400135260009400269300001800363500001700381650004900398650002000447650005400467140815s2013 ||||||||||||||||| || u aUNESCWA(058) aUnited Nations Economic and Social Commission for Western Asia (UNESCWA)10aTrafficking of women and children in the Arab regioncBy United Nations Economic and Social Commission for Western Asia (UNESCWA) aNew York:bUnited Nations Economic and Social Commission for Western Asia (UNESCWA)c2013 ax, 66p.: ill. aBibliography aVIOLATION OF HUMAN RIGHTS IN THE ARAB REGION aHUMAN TRACKING  aWOMEN AND CHILDREN TRAFFICKING IN THE ARAB REGION